| 000 | 01078njm a22003017a 4500 | ||
|---|---|---|---|
| 005 | 20100918120820.0 | ||
| 007 | sd ammalaaahaa | ||
| 008 | 100918t xxu||||| |||| 00| 0 hin d | ||
| 028 |
_aSHFLP-1/1342 _bSuper ; T- Series |
||
| 035 | _aGR-04500 | ||
| 040 | _aSED/VEN | ||
| 100 | _920657 | ||
| 245 |
_aDeshwasi / _h[sound recording] : _cLyrics by Anand Bakshi ; music by Laxmikant Pyarelal |
||
| 246 | _aदेशवासी | ||
| 260 |
_aDum Dum India _bSuper ; T-Series _c1989 |
||
| 300 |
_a1 sound disc [Gramophone record] : _banalog, 331/3 rpm _c12 in (LP) _fGramophone Record |
||
| 500 | _aBrief Record | ||
| 500 | _aSuper ; T-Series | ||
| 500 | _aRed | ||
| 500 | _aLong Play | ||
| 505 | _aKal kisne dekha (Deshwasi) (Nitin Mukesh) Tere liye main part 2 (Deshwasi) (Nitin Mukesh) | ||
| 650 |
_vFilmi Song _xExcerpts _zIndia _920658 _aClassical Music |
||
| 700 |
_920659 _aBakshi, Anand |
||
| 700 |
_920660 _aLaxmikant Pyarelal |
||
| 700 | _920674 | ||
| 942 |
_2ddc _cGR |
||
| 999 |
_c47299 _d47299 |
||